Loading...
| Fine Arts - Classical Music and Opera | 0 | 7 | 0 | 0 | 70 | 89 | 109.71 | 0 | 2 | 14.27 | 36.67 |
| Literature - American | 0 | 6 | 0 | 0 | 60 | 99 | 131.67 | 0 | 2 | 7.84 | 29.65 |
| Literature - British | 1 | 3 | 0 | 2 | 45 | 57 | 118.25 | 1 | 2 | 6.70 | 18.54 |
| Literature - European | 0 | 4 | 0 | 0 | 40 | 121 | 138.75 | 0 | 0 | 4.22 | 11.79 |
| History - American | 1 | 1 | 0 | 0 | 25 | 99 | 115.00 | 0 | 0 | 3.85 | 8.72 |
| Fine Arts - Painting and Sculpture | 0 | 2 | 0 | 1 | 20 | 86 | 116.50 | 0 | 1 | 3.53 | 9.26 |
| History - World | 0 | 2 | 0 | 1 | 20 | 143 | 144.50 | 0 | 0 | 0.68 | 4.50 |
| Fine Arts - Other Arts | 0 | 2 | 0 | 2 | 20 | 143 | 143.50 | 0 | 0 | 0.11 | 1.79 |
| Religion | 0 | 2 | 0 | 1 | 20 | 158 | 158.50 | 0 | 0 | 0.24 | 4.18 |
| History - European | 0 | 1 | 0 | 1 | 10 | 153 | 153.00 | 0 | 0 | 0.00 | 0.64 |
| Geography | 0 | 1 | 0 | 0 | 10 | 149 | 149.00 | 0 | 0 | 0.17 | 6.25 |
| History - Other | 0 | 1 | 0 | 0 | 10 | 101 | 101.00 | 0 | 0 | 2.30 | 4.14 |
| Social Science | 0 | 1 | 0 | 1 | 10 | 137 | 137.00 | 0 | 1 | 0.06 | 6.51 |
| Other Academic | 0 | 1 | 0 | 1 | 10 | 131 | 131.00 | 0 | 0 | 0.11 | 0.95 |
| Other Culture | 0 | 1 | 0 | 0 | 10 | 111 | 111.00 | 0 | 0 | 7.64 | 22.22 |
| Literature - World | 0 | 1 | 1 | 0 | 5 | 137 | 137.00 | 0 | 0 | 1.27 | 4.10 |
| Science - Biology | 0 | 0 | 0 | 0 | 0 | 0.00 | 0 | 0 | 0.00 | 0.00 |